Investigación social: manual para acompañar a Mark. Capítulo V

Saved in:
Bibliografiske detaljer
Hovedforfatter: Sharp, Ann Margaret (Author)
Format: Bog
Sprog:spansk
Udgivet: Madrid De la Torre 1990
Serier:Proyecto Didáctico Quirón. Programa Filosofía para Niños
Fag:
Tags: Tilføj Tag
Ingen Tags, Vær først til at tagge denne postø!

MARC

LEADER 00000nam a2200000 a 4500
001 UCN1841
003 CL-VaPUC
008 010504e19900000SP |||||||||||||||||spa|d
082 0 4 |a 808.0683  |b LIP  |2 21 
700 0 |a Sharp, Ann Margaret  |e author  |9 457304 
245 1 0 |a Investigación social: manual para acompañar a Mark. Capítulo V 
300 |a pág. irreg 
942 |c BK 
945 |d 20010504 00:00:00  |a cmena 
260 |a Madrid  |b De la Torre  |c 1990 
500 |a En forma separada texto: Mark 
500 |a Capítulo V, ideas principales. 1: ¿Qué es la tradición?. 2: Deberes y responsables recíprocos. 3: Deberes y responsabilidades no recíprocas. 4: ¿Dónde tiene lugar la educación?. 5: Educación y oportunidades sociales. 6: Juego ilegal. 7: ¿Por qué la educación es sólo una estupidez?. 8: La ley como algo coherente. 9: Fracaso escolar. 10: Relación entre titulación y empleo. 11: ¿Qué hace que un profesor sea bueno? 
650 0 |a Literatura infantil   |9 307465 
650 7 |a FILOSOFIA PARA NIÑOS  |2 CL-VaPUC  |9 457305 
650 0 |a Métodos de enseñanza  |9 270413 
583 |a last modification  |c 20010504 00:00:00  |k Rodrigo Vera 
490 0 |a Proyecto Didáctico Quirón. Programa Filosofía para Niños 
999 |c 295066  |d 295064 
952 |0 0  |1 0  |4 0  |6 808_068300000000000_LIP_1990  |7 0  |8 P  |9 347966  |a BIBEDU  |b BIBEDU  |c BIBEDU_PB  |d 2019-11-20  |i 369898K  |o 808.0683 LIP 1990  |p 369898K  |r 2024-01-25  |w 2019-11-20  |y BK  |k EPE 
952 |0 0  |1 0  |4 0  |6 808_068300000000000_LIP_1990  |7 0  |8 P  |9 347967  |a BIBEDU  |b BIBEDU  |c BIBEDU_PB  |d 2019-11-20  |i 3723372  |o 808.0683 LIP 1990  |p 3723372  |r 2024-01-25  |w 2019-11-20  |y BK  |k EPE